<?xml version="1.0" encoding="UTF-8"?>
<record
    xmlns:xsi="http://www.w3.org/2001/XMLSchema-instance"
    xsi:schemaLocation="http://www.loc.gov/MARC21/slim http://www.loc.gov/standards/marcxml/schema/MARC21slim.xsd"
    xmlns="http://www.loc.gov/MARC21/slim">

  <leader>01011nam a22002057a 4500</leader>
  <controlfield tag="001">3079</controlfield>
  <controlfield tag="003">FISKH</controlfield>
  <controlfield tag="005">20240202153759.0</controlfield>
  <controlfield tag="008">240202b        cb ||||| |||| 00| 0 eng d</controlfield>
  <datafield tag="020" ind1=" " ind2=" ">
    <subfield code="a">0370012089</subfield>
  </datafield>
  <datafield tag="040" ind1=" " ind2=" ">
    <subfield code="a">FISKH</subfield>
    <subfield code="b">eng</subfield>
    <subfield code="c">FISKH</subfield>
    <subfield code="d">FISKH</subfield>
  </datafield>
  <datafield tag="082" ind1=" " ind2=" ">
    <subfield code="a">553.8</subfield>
  </datafield>
  <datafield tag="100" ind1=" " ind2=" ">
    <subfield code="a">Graveston, Mary </subfield>
  </datafield>
  <datafield tag="245" ind1=" " ind2=" ">
    <subfield code="a">A stone for my keepsake /</subfield>
    <subfield code="c">Mary Graveston</subfield>
  </datafield>
  <datafield tag="260" ind1=" " ind2=" ">
    <subfield code="a">London : </subfield>
    <subfield code="b">Bodley Head, </subfield>
    <subfield code="c">1971.</subfield>
  </datafield>
  <datafield tag="300" ind1=" " ind2=" ">
    <subfield code="a">156 pages : </subfield>
    <subfield code="c">22 cm </subfield>
  </datafield>
  <datafield tag="520" ind1=" " ind2=" ">
    <subfield code="a">On the wall of an old building in Maidenhead hands a faded document dated November 18, 1803 - an appeal for volunteers to defend England against Napoleon's expected invasion. Among the signatures at the foot of the proclamation the name of Poulton can still be deciphered, and it was the journal kept by the Poulton family from 1776 go 1865 that inspired a descendant, Mary Graveston, to write this romantic, partly, imaginary, story of Eulalia and her ill-fated love for Stephen. </subfield>
  </datafield>
  <datafield tag="650" ind1=" " ind2=" ">
    <subfield code="a">Historical </subfield>
    <subfield code="v">Juvenile Literature </subfield>
  </datafield>
  <datafield tag="942" ind1=" " ind2=" ">
    <subfield code="2">ddc</subfield>
    <subfield code="c">BK</subfield>
    <subfield code="n">0</subfield>
  </datafield>
  <datafield tag="999" ind1=" " ind2=" ">
    <subfield code="c">3079</subfield>
    <subfield code="d">3079</subfield>
  </datafield>
  <datafield tag="952" ind1=" " ind2=" ">
    <subfield code="0">0</subfield>
    <subfield code="1">0</subfield>
    <subfield code="2">ddc</subfield>
    <subfield code="4">0</subfield>
    <subfield code="7">0</subfield>
    <subfield code="8">FIC</subfield>
    <subfield code="a">001</subfield>
    <subfield code="b">001</subfield>
    <subfield code="c">TKSF</subfield>
    <subfield code="d">2024-02-02</subfield>
    <subfield code="l">0</subfield>
    <subfield code="o">GRA Fic 553.8</subfield>
    <subfield code="p">FIS00806</subfield>
    <subfield code="r">2024-02-02 15:37:33</subfield>
    <subfield code="w">2024-02-02</subfield>
    <subfield code="y">BK</subfield>
  </datafield>
</record>
